"Tôn giáo mới" ở Hoa Kỳ /

Gardado en:
Detalles Bibliográficos
Autor Principal: Nguyễn Quang Hưng.
Formato: Artigo
Idioma:Vietnamese
Các nhãn: Engadir etiqueta
Sen Etiquetas, Sexa o primeiro en etiquetar este rexistro!
Thư viện lưu trữ: Thư viện Trường Đại học Đà Lạt
LEADER 00705nam a2200229 4500
001 DLU180183392
005 ##20180122
040 # # |a DLU  |b vie 
041 # # |a vie 
044 # # |a vn 
100 # # |a Nguyễn Quang Hưng. 
245 # # |a "Tôn giáo mới" ở Hoa Kỳ /  |c Nguyễn Quang Hưng. 
773 # # |t Chủ nghĩa hậu hiện đại và phong trào tôn giáo mới ở Việt Nam và thế giới  |g 2014, tr. 174-187 
920 # # |a Phòng Sau đại học -- Trung tâm Thông tin - Thư viện Trường Đại học Đà Lạt 
994 # # |a DLU 
900 # # |a True 
911 # # |a Hoàng Thị Huyền 
925 # # |a G 
926 # # |a A 
927 # # |a BB 
980 # # |a Thư viện Trường Đại học Đà Lạt